000 002780000a22001330004500
041 0 _aSPA
082 0 4 _aAV 0257
110 1 _aEl Colombiano
245 1 0 _aPeriodico : Temas Contemporáneos / EL COLOMBIANO
300 _a8 Pag
500 _aFolleto
001 13653
942 _cBK
999 _c42609
_d42609